01261 a2200157 4500003000500000005001700005040000900022082001000031100002000041245005400061260004000115300002700155505086700182538002901049650002501078Nust20170207153455.0 cNust a914.7 a Gunther, John, aInside Russia today.c Gunther, John, 1901-1970. a: New Yorkb, Harper & Rowc [1962] a604 p. illusb. 22 cm. aGetting in (page-25) Moscow – size (page-50) Moe About the Third Rome (Page-74) Some Soviet Attitudes (Page-94) The Party Circuit (page-108) Khrushchev At the Top (Page-124) More Demi-gods and Thanes (page-151) A History of Russia in Half an Hour (Page-171) The Soviet Union Has Fifteen Republics (Page-196) Government and Party (Page-222) What’s Going on (Page-240) Hungary and After (Page-266) New Worlds in Science and Education (Page-282) Writers Under Socialist Realism (Page-314) Ballet (page-337) Some Social Patterns (page-359) Aspects of The Economic Picture (page-285) The Soviet Armed Forces (Page-410) What Has Russia Got? (Page-434) Leningrad and Kiev (Page-434) Across the Black Sea the Caucasus (Page-457) Antique Worlds of Central Asia (Page-482) The Russians Gamble for the World (Page-508) Peace , Co-Existence ,and the United ) (Page-527) aAlmirah No.60 Shelf No.1 aInside Russia today.